000 01339cam a2200217 4500
001 ABS66512
008 030401n2003 000 0 eng u
035 _a(Sirsi) u121856
100 _aCapper, P.
245 4 _aThe third man
260 _c2003
490 _aNew Civil Engineer
_v27 March 2003, 22-23(2)
520 _aDescribes the process of arbitration as a means of dispute resolution. Advantages of arbitration include its flexibility in relation to international contracts and the ability to tailor arbitration to meet the needs of the parties. Briefly looks at the Arbitration Act 1996 and examines the issues that parties should consider when drafting an arbitration clause. Looks at the two types of arbitration, administered and ad hoc, the tribunal, the scope of the arbitration clause, the place of the arbitration, the language of the arbitration and key elements of procedure. Concludes that a well thought out arbitration process can be satisfactory, despite bad experiences in the engineering and building industries.
590 _aABS
650 _aMANAGEMENT-DISPUTE AVOIDANCE, MANAGEMENT AND RESOLUTION-DISPUTE MANAGEMENT AND RESOLUTION-ARBITRATION
650 _aARBITRATION AGREEMENTS
650 _aARBITRATION ACT 1996
650 _aARBITRATION CLAUSES
690 _aDispute resolution
_96236
942 _n0
999 _c72414
_d72414